<?xml version="1.0" encoding="UTF-8"?><record xmlns="http://www.loc.gov/MARC21/slim" xmlns:zs="http://docs.oasis-open.org/ns/search-ws/sruResponse">
  <leader>02445cas a22005537a 4500</leader>
  <controlfield tag="001">22225209</controlfield>
  <controlfield tag="005">20250701134053.4</controlfield>
  <controlfield tag="008">010607d190219uusduwr ne      0   b0nor d</controlfield>
  <datafield ind1=" " ind2=" " tag="010">
    <subfield code="a">sn2001063175</subfield>
  </datafield>
  <datafield ind1="0" ind2=" " tag="022">
    <subfield code="a">2769-7983</subfield>
    <subfield code="2">1</subfield>
  </datafield>
  <datafield ind1="1" ind2=" " tag="029">
    <subfield code="a">AU@</subfield>
    <subfield code="b">000022759082</subfield>
  </datafield>
  <datafield ind1="1" ind2=" " tag="029">
    <subfield code="a">AU@</subfield>
    <subfield code="b">000069854268</subfield>
  </datafield>
  <datafield ind1=" " ind2=" " tag="035">
    <subfield code="a">(OCoLC)47090209</subfield>
  </datafield>
  <datafield ind1=" " ind2=" " tag="040">
    <subfield code="a">SXN</subfield>
    <subfield code="b">eng</subfield>
    <subfield code="c">SXN</subfield>
    <subfield code="d">OCLCO</subfield>
    <subfield code="d">OCLCQ</subfield>
    <subfield code="d">OCLCF</subfield>
    <subfield code="d">OCLCA</subfield>
    <subfield code="d">DLC</subfield>
    <subfield code="d">OCLCO</subfield>
    <subfield code="d">OCLCL</subfield>
  </datafield>
  <datafield ind1="0" ind2=" " tag="041">
    <subfield code="a">nor</subfield>
    <subfield code="a">eng</subfield>
  </datafield>
  <datafield ind1=" " ind2=" " tag="042">
    <subfield code="a">msc</subfield>
    <subfield code="a">nsdp</subfield>
  </datafield>
  <datafield ind1=" " ind2=" " tag="043">
    <subfield code="a">n-us-sd</subfield>
  </datafield>
  <datafield ind1="0" ind2="0" tag="050">
    <subfield code="a">Newspaper</subfield>
  </datafield>
  <datafield ind1="1" ind2="0" tag="082">
    <subfield code="a">071.3</subfield>
    <subfield code="2">23</subfield>
    <subfield code="1">https://id.oclc.org/worldcat/ddc/E3MJ87dMTw4ByGq4RJYrdRdTc3</subfield>
  </datafield>
  <datafield ind1=" " ind2="0" tag="222">
    <subfield code="a">Sisseton posten</subfield>
    <subfield code="b">(Print)</subfield>
  </datafield>
  <datafield ind1="0" ind2="0" tag="245">
    <subfield code="a">Sisseton posten.</subfield>
  </datafield>
  <datafield ind1=" " ind2=" " tag="260">
    <subfield code="a">Effington, Sud Dakota [S.D.] :</subfield>
    <subfield code="b">Eivind Trodstad</subfield>
  </datafield>
  <datafield ind1=" " ind2=" " tag="300">
    <subfield code="a">volumes</subfield>
  </datafield>
  <datafield ind1=" " ind2=" " tag="310">
    <subfield code="a">Weekly</subfield>
  </datafield>
  <datafield ind1=" " ind2=" " tag="336">
    <subfield code="a">text</subfield>
    <subfield code="b">txt</subfield>
    <subfield code="2">rdacontent</subfield>
  </datafield>
  <datafield ind1=" " ind2=" " tag="337">
    <subfield code="a">unmediated</subfield>
    <subfield code="b">n</subfield>
    <subfield code="2">rdamedia</subfield>
  </datafield>
  <datafield ind1=" " ind2=" " tag="338">
    <subfield code="a">volume</subfield>
    <subfield code="b">nc</subfield>
    <subfield code="2">rdacarrier</subfield>
  </datafield>
  <datafield ind1="0" ind2=" " tag="362">
    <subfield code="a">Vol. 1, no. 1(Nov. 7, 1902)-</subfield>
  </datafield>
  <datafield ind1=" " ind2=" " tag="500">
    <subfield code="a">Published in Sisseton, S.D., Oct. 21, 1909-?</subfield>
  </datafield>
  <datafield ind1=" " ind2=" " tag="530">
    <subfield code="a">Available on microfilm from: State Archives, South Dakota State Historical Society.</subfield>
  </datafield>
  <datafield ind1=" " ind2=" " tag="530">
    <subfield code="a">Archived issues are available in digital format from the Library of Congress Chronicling America online collection.</subfield>
  </datafield>
  <datafield ind1=" " ind2="0" tag="650">
    <subfield code="a">Norwegians</subfield>
    <subfield code="z">South Dakota</subfield>
    <subfield code="v">Newspapers.</subfield>
  </datafield>
  <datafield ind1=" " ind2="7" tag="650">
    <subfield code="a">Norwegians.</subfield>
    <subfield code="2">fast</subfield>
    <subfield code="0">(OCoLC)fst01039481</subfield>
  </datafield>
  <datafield ind1=" " ind2="0" tag="651">
    <subfield code="a">Sisseton (S.D.)</subfield>
    <subfield code="v">Newspapers.</subfield>
  </datafield>
  <datafield ind1=" " ind2="0" tag="651">
    <subfield code="a">Roberts County (S.D.)</subfield>
    <subfield code="v">Newspapers.</subfield>
  </datafield>
  <datafield ind1=" " ind2="4" tag="651">
    <subfield code="a">Effington (S.D.)</subfield>
    <subfield code="v">Newspapers.</subfield>
  </datafield>
  <datafield ind1=" " ind2="7" tag="651">
    <subfield code="a">South Dakota.</subfield>
    <subfield code="2">fast</subfield>
    <subfield code="0">(OCoLC)fst01204322</subfield>
    <subfield code="1">https://id.oclc.org/worldcat/entity/E39PBJjMFPH83B7FXRBcPDmw4q</subfield>
  </datafield>
  <datafield ind1=" " ind2="7" tag="651">
    <subfield code="a">South Dakota</subfield>
    <subfield code="z">Roberts County.</subfield>
    <subfield code="2">fast</subfield>
    <subfield code="0">(OCoLC)fst01214938</subfield>
    <subfield code="1">https://id.oclc.org/worldcat/entity/E39PBJhRGVR6mMRMXghRFGvvHC</subfield>
  </datafield>
  <datafield ind1=" " ind2="7" tag="651">
    <subfield code="a">South Dakota</subfield>
    <subfield code="z">Sisseton.</subfield>
    <subfield code="2">fast</subfield>
    <subfield code="0">(OCoLC)fst01230732</subfield>
    <subfield code="1">https://id.oclc.org/worldcat/entity/E39PBJq6VWbhWFdwgWVtDPgtKd</subfield>
  </datafield>
  <datafield ind1=" " ind2="7" tag="655">
    <subfield code="a">Newspapers.</subfield>
    <subfield code="2">fast</subfield>
    <subfield code="0">(OCoLC)fst01423814</subfield>
  </datafield>
  <datafield ind1=" " ind2=" " tag="752">
    <subfield code="a">United States</subfield>
    <subfield code="b">South Dakota</subfield>
    <subfield code="c">Roberts</subfield>
    <subfield code="d">Effington.</subfield>
  </datafield>
  <datafield ind1=" " ind2=" " tag="752">
    <subfield code="a">United States</subfield>
    <subfield code="b">South Dakota</subfield>
    <subfield code="c">Roberts</subfield>
    <subfield code="d">Sisseton.</subfield>
  </datafield>
  <datafield ind1="0" ind2="8" tag="776">
    <subfield code="i">Online version:</subfield>
    <subfield code="t">Sisseton posten</subfield>
    <subfield code="x">2769-7991</subfield>
    <subfield code="w">(DLC)  2021270802</subfield>
    <subfield code="w">(OCoLC)1226413476</subfield>
  </datafield>
  <datafield ind1="4" ind2="1" tag="859">
    <subfield code="u">https://hdl.loc.gov/loc.sgp/chronam.sn2001063175</subfield>
  </datafield>
  <datafield ind1=" " ind2=" " tag="906">
    <subfield code="a">7</subfield>
    <subfield code="b">cbc</subfield>
    <subfield code="c">sercoop</subfield>
    <subfield code="d">2</subfield>
    <subfield code="e">ncip</subfield>
    <subfield code="f">20</subfield>
    <subfield code="g">n-oclcserc</subfield>
  </datafield>
  <datafield ind1="0" ind2=" " tag="925">
    <subfield code="a">Acquire</subfield>
    <subfield code="b">1 shelf copy</subfield>
    <subfield code="x">policy default 2021-09-08</subfield>
  </datafield>
  <datafield ind1=" " ind2=" " tag="955">
    <subfield code="b">sr02 2021-09-08</subfield>
    <subfield code="k">sr02 2021-09-08</subfield>
  </datafield>
  <datafield ind1=" " ind2=" " tag="955">
    <subfield code="a">LCAP batch update 2025-06-02-04:00: LCAPM-893</subfield>
  </datafield>
  <datafield ind1=" " ind2=" " tag="985">
    <subfield code="a">serpull/chronam</subfield>
    <subfield code="e">ndnp</subfield>
  </datafield>
</record>
